000 00394nam a2200169Ia 4500
008 170918s9999 xx 000 0 und d
020 _a9780810991699
050 _bK558d 2009
100 _aKinney, Jeff
245 _aDog days /
245 _cby Jeff Kinney.
260 _aUSA :
260 _bAmulet Books,
260 _c2009
300 _a214 pages :
300 _eDiary of a wimpy kid.
999 _c343559
_d343559